Multidrug-resistant Bacteroides fragilis group on the rise in Europe?

We report a case of multidrug-resistance (MDR) in a strain of Bacteroides fragilis from a blood culture and abdominal fluid in a Danish patient. The patient had not been travelling for several years and had not received antibiotics prior to the present case. We also summarize the cases that have bee...

Teljes leírás

Elmentve itt :
Bibliográfiai részletek
Szerzők: Hartmeyer Gitte Nyvang
Sóki József
Nagy Erzsébet
Justesen Ulrik Stenz
Dokumentumtípus: Cikk
Megjelent: 2012
Sorozat:JOURNAL OF MEDICAL MICROBIOLOGY 61 No. 12
doi:10.1099/jmm.0.049825-0

mtmt:2196926
Online Access:http://publicatio.bibl.u-szeged.hu/13019
LEADER 01282nab a2200241 i 4500
001 publ13019
005 20200309140911.0
008 180226s2012 hu o 0|| zxx d
022 |a 0022-2615 
024 7 |a 10.1099/jmm.0.049825-0  |2 doi 
024 7 |a 2196926  |2 mtmt 
040 |a SZTE Publicatio Repozitórium  |b hun 
041 |a zxx 
100 1 |a Hartmeyer Gitte Nyvang 
245 1 0 |a Multidrug-resistant Bacteroides fragilis group on the rise in Europe?  |h [elektronikus dokumentum] /  |c  Hartmeyer Gitte Nyvang 
260 |c 2012 
300 |a 1784-1788 
490 0 |a JOURNAL OF MEDICAL MICROBIOLOGY  |v 61 No. 12 
520 3 |a We report a case of multidrug-resistance (MDR) in a strain of Bacteroides fragilis from a blood culture and abdominal fluid in a Danish patient. The patient had not been travelling for several years and had not received antibiotics prior to the present case. We also summarize the cases that have been reported to date of MDR B. fragilis group in Europe. As far as we know, a case like this with MDR B. fragilis has not been described in Scandinavia before. © 2012. 
700 0 1 |a Sóki József  |e aut 
700 0 1 |a Nagy Erzsébet  |e aut 
700 0 1 |a Justesen Ulrik Stenz  |e aut 
856 4 0 |u http://publicatio.bibl.u-szeged.hu/13019/1/1784_jmm049825.pdf  |z Dokumentum-elérés